Normal view
MARC view
- Contracts
Entry Topical Term
001 - CONTROL NUMBER
- control field: 83471
003 - CONTROL NUMBER IDENTIFIER
- control field: NUST
005 - DATE AND TIME OF LATEST TRANSACTION
- control field: 20211027145550.0
008 - FIXED-LENGTH DATA ELEMENTS
- fixed length control field: 211027|| aca||aabn | a|a d
040 ## - CATALOGING SOURCE
- Original cataloging agency: NUST
- Transcribing agency: NUST
150 ## - HEADING--TOPICAL TERM
- Topical term or geographic name entry element: Contracts
- Geographic subdivision: England
670 ## - SOURCE DATA FOUND
- Source citation: Work cat.: (NUST)0: Richards, Paul, 1951- author. 83470, Law of contract /
